UN NUEVO TESORO DE LA JUVENTUD (Registro nro. 68456)

Detalles MARC
000 -LEADER
fixed length control field 00252nam a2200097zu 4500
008 - FIXED-LENGTH DATA ELEMENTS--GENERAL INFORMATION
fixed length control field 260113b1973 mx a|||b i||| 001 0 spa d
245 ## - TITLE STATEMENT
Title UN NUEVO TESORO DE LA JUVENTUD
260 ## - PUBLICATION, DISTRIBUTION, ETC.
Place of publication, distribution, etc. MÉXICO:
Name of publisher, distributor, etc. JACKSON, W. M. INC
Date of publication, distribution, etc. 1973
300 ## - PHYSICAL DESCRIPTION
Extent 352
942 ## - ADDED ENTRY ELEMENTS (KOHA)
Source of classification or shelving scheme Dewey Decimal Classification
Koha item type Consulta Infantil
Existencias
Withdrawn status Lost status Source of classification or shelving scheme Damaged status Not for loan Collection code Home library Current library Date acquired Source of acquisition Total Checkouts Date last seen Price effective from Koha item type Public note
Material Descartado   Dewey Decimal Classification   Material No Para Préstamo Colección Consulta BIBLIOTECA PÚBLICA CENTRAL ESTATAL “FRANCISCO CERVANTES” BIBLIOTECA PÚBLICA CENTRAL ESTATAL “FRANCISCO CERVANTES” 01/13/2026 DONADO   01/13/2026 01/13/2026 Consulta Infantil FALTA CLASIFICACIÓN